Statistiques concernant Les Etats américains qui ont voté pour Donald Trump

Cliquez ici pour prendre le quiz!

Statistiques générales

  • Ce quiz a été pris 206 fois
  • Le résultat moyen est 23 sur 30

Statistiques - réponses

Score de Trump (en %)Etat% Correct
52,23Texas
98%
62,09Alabama
88%
49,83Caroline du Nord
84%
49,02Floride
84%
51,31Ohio
84%
54,94Caroline du Sud
83%
61,53Dakota du Sud
82%
60,57Arkansas
81%
62,96Dakota du Nord
81%
48,67Arizona
80%
51,05Géorgie
80%
56,65Kansas
80%
57,86Mississippi
80%
62,52Kentucky
78%
68,17Wyoming
78%
51,28Alaska
76%
56,94Indiana
75%
51,15Iowa
75%
60,72Tennessee
75%
45,54Utah
75%
59,26Idaho
73%
47,50Michigan
72%
56,77Missouri
72%
56,17Montana
72%
65,32Oklahoma
72%
47,22Wisconsin
70%
58,09Louisiane
69%
58,75Nebraska
66%
48,58Pennsylvanie
66%
67,63Virginie-Occidentale
66%

Distribution des résultats

Percentile par nombre de réponses

% des personnes avec chaque résultat

Votre développement - résultats

Vous n’avez pas pris ce quiz